000 00273nam a22001217a 4500
020 _aNA
082 _222
_a621.3819
100 _aKumar, Anand A.
245 _aFuindamentals of digital circuit /
260 _bPrentice Hall,
_cc2006.
300 _a0
_bill. ;
942 _2ddc
_cEE
999 _c4014
_d4014